000 00412pab a2200169 454500
008 180718b2013 xxu||||| |||| 00| 0 eng d
100 _aSingh, K.P.
245 _aJurisprudence of child care and protection
260 _c2013
300 _ap.163-189.
362 _aOct-Dec
650 _aChild welfare
700 _aSingh, Chitrangada
773 _aIndian Police Journal
908 _aN
909 _a104251
999 _c104247
_d104247